Normal view
MARC view
- Zaidi, Noor-ul-Anne
Entry Personal Name
001 - CONTROL NUMBER
- control field: 130782
003 - CONTROL NUMBER IDENTIFIER
- control field: NUST
005 - DATE AND TIME OF LATEST TRANSACTION
- control field: 20250930124241.0
008 - FIXED-LENGTH DATA ELEMENTS
- fixed length control field: 250930|| aca||aabn | a|a d
040 ## - CATALOGING SOURCE
- Original cataloging agency: NUST
- Transcribing agency: NUST
100 ## - HEADING--PERSONAL NAME
- Personal name: Zaidi, Noor-ul-Anne
670 ## - SOURCE DATA FOUND
- Source citation: Work cat.: (NUST): Zaidi, Noor-ul-Anne, Oh Fudge; Hobby to Home Business/
